000
00220nam a22000857a 4500
008
160917b xxu||||| |||| 00| 0 eng d
100
_9
657
_a
Frank Bros
245
_a
School Atllas
260
_a
New Delhi
_b
Frank Publications
_c
2011
999
_c
3314
_d
3314